000 00518nam a22001815i 4500
001 171703
003 ES-MaACL
005 20230906214714.0
008 090526s1971 sp |||| | spa d
080 _a929(100)
100 1 _aSoler Amoros, Pedro.
_9140348
245 1 0 _aSiete apuntes biográficos /
_cPedro Soler Amoros.
250 _a[1ª ed.].
260 _a[Alicante :
_bs.n.,
_c1971] (
_fGráf. Cirilo)
300 _a89 p. ;
_c21 cm.
650 4 _aBiografías.
_910574
852 _aES-MaACL
_jC-42404
_9R.79779
999 _c171703
_d171703